[Event "SVR-op 31th"]
[Site "Idar Oberstein"]
[Date "2008.03.20"]
[Round "4"]
[White "Carrella, Aurelio"]
[Black "Weber, Daniel"]
[Result "1-0"]
[WhiteElo "1024"]
[BlackElo "1673"]
[PlyCount "75"]
[EventDate "2008.03.15"]
[EventType "tourn"]
[EventRounds "7"]
[EventCountry "GER"]
[SourceTitle "EXT 2009"]
[Source "ChessBase"]
[SourceDate "2008.11.26"]
[SourceVersion "1"]
[SourceVersionDate "2008.11.26"]
[SourceQuality "1"]

1. e4 e5 2. f4 exf4 3. Nf3 Nf6 4. Nc3 Bc5 5. Bc4 0-0 6. d4 Bb4 7. e5 d5 8. exd6 Bg4 9. dxc7 Qxc7 10. 0-0 Qxc4 11. Bxf4 Nc6 12. d5 Nd4 13. Be5 Ne4 14. Nxe4 Nxc2 15. Nd6 Bxd6 16. Bxd6 Rfe8 17. b3 Qc3 18. Qd2 Qe3+ 19. Qxe3 Rxe3 20. Rac1 Rc8 21. Ne5 Be2 22. Rfe1 f6 23. Kf2 fxe5 24. Rxe2 Rec3 25. Bxe5 R3c5 26. Rd2 a5 27. Bd6 Rc3 28. Bg3 Rf8+ 29. Kg1 Rfc8 30. d6 Ne3 31. Rxc3 Rxc3 32. d7 Rc1+ 33. Kf2 Nd1+ 34. Ke2 Nc3+ 35. Kd3 Rf1 36. d8Q+ Rf8 37. Qxf8+ Kxf8 38. Kxc3 1-0